000 00564nam a2200193Ia 4500
005 20250326144954.0
008 250326s9999 xx 000 0 und d
020 _a3-540-66952-3
037 _aTextbook
040 _aFMSL
_beng
_cFMSL
041 _aeng
_2eng
084 _aX8(A):89Q P2
_qFMSL
100 _aGerhard Knolmayer
_9750405
245 0 _aSupply chain management based on SAP system
_cGerhard Knolmayer And Others
260 _aN.Y
_bN.Y, Springer
_c2002
300 _axi,244
942 _cTB
_hX8(A):89Q P2
999 _c1305866
_d1305866